Normal view
MARC view
Entry Personal Name
001 - CONTROL NUMBER
- control field: 13477
003 - CONTROL NUMBER IDENTIFIER
- control field: ARRUPE
005 - DATE AND TIME OF LATEST TRANSACTION
- control field: 20141216144835.0
008 - FIXED-LENGTH DATA ELEMENTS
- fixed length control field: 141216|| aca||aabn | a|a d
040 ## - CATALOGING SOURCE
- Original cataloging agency: ARRUPE
- Transcribing agency: ARRUPE
100 ## - HEADING--PERSONAL NAME
- Personal name: Henry of Ghent
670 ## - SOURCE DATA FOUND
- Source citation: Work cat.: (ARRUPE): m. James Ziccardi 13476, Medieval Philosophy, 2014